00285nam a2200121Ia 4500008004100000082001500041100001600056245003000072250000800102260003700110300000800147650000800155191201s2007 xx 000 0 und d a658.3bBEH aBEAMRDIN, H 0aHuman Resource Management a4th aN.DelhibTata Mc Graw Hillc2007 a842 aMBA